[Event "West European subzonal 1B (w)"]
[Site "Oisterwijk NED"]
[Date "1990.03.??"]
[Round "1"]
[White "Benschop, Anne Marie"]
[Black "De Greef, Heleen"]
[Result "1-0"]
[WhiteElo "2150"]
[BlackElo "2150"]
[EventDate "1990.03.??"]
[PlyCount "71"]

1.e4 e6 2.d3 d5 3.Nd2 g6 4.Ngf3 Bg7 5.c3 Ne7 6.Be2 c5 7.Qc2 Nbc6 8.O-O O-O
9.Rd1 b6 10.Nf1 a5 11.a4 Ra7 12.Bf4 Rd7 13.h3 Bb7 14.N1h2 e5 15.Bg3 h5 16.
Nf1 f5 17.Bh4 fxe4 18.dxe4 dxe4 19.Bc4+ Kh8 20.Ng5 Rxd1 21.Rxd1 Qe8 22.Ne6
Nf5 23.Nxf8 Nxh4 24.Qxe4 Bxf8 25.Qxh4 Ne7 26.Qf6+ Bg7 27.Qxb6 Qc6 28.Qxc6 
Bxc6 29.Bb5 Be4 30.Ne3 g5 31.Rd8+ Kh7 32.Bd3 Bxd3 33.Rxd3 Kg6 34.Rd6+ Kf7 
35.Ra6 e4 36.Rxa5 1-0

[Event "West European subzonal 1B (w)"]
[Site "Oisterwijk NED"]
[Date "1990.03.??"]
[Round "1"]
[White "Dubois, Martine"]
[Black "Roos, Celine"]
[Result "0-1"]
[WhiteElo "2060"]
[BlackElo "2150"]
[EventDate "1990.03.??"]
[PlyCount "54"]

1.e4 c6 2.d4 d5 3.e5 Bf5 4.Nc3 e6 5.g4 Bg6 6.Nge2 c5 7.h4 h6 8.Be3 Qb6 9.
f4 Ne7 10.dxc5 Qxb2 11.f5 exf5 12.Rb1 Qa3 13.Rb5 Nbc6 14.Rxb7 Qa5 15.h5 
Bh7 16.gxf5 Bxf5 17.Bg2 Be6 18.O-O O-O-O 19.Qb1 Qa6 20.Rb3 Nf5 21.Nb5 Nxe3
22.Rxe3 Bxc5 23.Rf3 Nxe5 24.Rg3 Qb6 25.Qb3 Nc4 26.Ned4 Nxe3 27.Qxe3 a6 0-1

[Event "West European subzonal 1B (w)"]
[Site "Oisterwijk NED"]
[Date "1990.03.??"]
[Round "1"]
[White "Harmsen, Jessica"]
[Black "Drewes, Mariette"]
[Result "1/2-1/2"]
[WhiteElo "2240"]
[BlackElo "2120"]
[EventDate "1990.03.??"]
[PlyCount "121"]

1.e4 c6 2.d3 d5 3.Nd2 e5 4.Ngf3 Bd6 5.d4 exd4 6.exd5 cxd5 7.Bb5+ Nc6 8.
Nxd4 Ne7 9.N2f3 a6 10.Bd3 Bg4 11.Be3 Ne5 12.h3 Nxd3+ 13.Qxd3 Bh5 14.O-O-O 
Bg6 15.Qb3 Qc7 16.Nh4 Rc8 17.Kb1 Qc4 18.Nxg6 hxg6 19.Rhe1 O-O 20.Qxc4 Rxc4
21.Bf4 Bxf4 22.Rxe7 Rc7 23.Rxc7 Bxc7 24.Ne2 Bb6 25.f3 Re8 26.Nc3 d4 27.Nd5
Ba7 28.Nf4 g5 29.Nd3 Re2 30.Rg1 Bb8 31.Re1 Rxe1+ 32.Nxe1 f6 33.Kc1 Kf7 34.
Kd2 Ke6 35.Nd3 Bd6 36.Nf2 Kd5 37.Ne4 Bf4+ 38.Kd3 Bc1 39.b3 Bf4 40.g3 Be5 
41.g4 Bb8 42.Ke2 Be5 43.Nf2 Bd6 44.Nd3 Bc7 45.a4 Bd6 46.Kd2 Bc7 47.Nb2 Ke5
48.Ke2 Kd5 49.Nc4 Bd8 50.Kd3 Bc7 51.b4 Bd8 52.Nd2 Be7 53.Nb3 Bxb4 54.Nxd4 
Ke5 55.c3 Bc5 56.Kc4 Ba7 57.Ne2 Be3 58.Kd3 Ba7 59.Kc4 Be3 60.Kd3 Ba7 61.c4
1/2-1/2

[Event "West European subzonal 1B (w)"]
[Site "Oisterwijk NED"]
[Date "1990.03.??"]
[Round "1"]
[White "Lebel-Arias, Julia"]
[Black "Finegold, Gina"]
[Result "0-1"]
[WhiteElo "2060"]
[BlackElo "2095"]
[EventDate "1990.03.??"]
[PlyCount "56"]

1.d4 d5 2.e3 Nf6 3.Bd3 g6 4.Nd2 Bg7 5.f4 O-O 6.Ngf3 b6 7.Qe2 c5 8.c3 Bb7 
9.Ne5 Qc8 10.Qf3 Nfd7 11.h4 Nxe5 12.fxe5 f6 13.exf6 Rxf6 14.Qg3 Nc6 15.h5 
Ba6 16.Bxa6 Qxa6 17.hxg6 Rxg6 18.Qh3 Rh6 19.Qd7 Rxh1+ 20.Kf2 Rf8+ 21.Nf3 
Qc8 22.Qxd5+ e6 23.Qd6 cxd4 24.exd4 Nxd4 25.cxd4 Rxc1 26.Rxc1 Qxc1 27.
Qxe6+ Kh8 28.Qe4 Qf4 0-1

[Event "West European subzonal 1B (w)"]
[Site "Oisterwijk NED"]
[Date "1990.03.??"]
[Round "2"]
[White "De Greef, Heleen"]
[Black "Van Parreren, Hanneke"]
[Result "1/2-1/2"]
[WhiteElo "2150"]
[BlackElo "2155"]
[EventDate "1990.03.??"]
[PlyCount "35"]

1.e4 c6 2.d4 d5 3.exd5 cxd5 4.c4 Nf6 5.Nc3 g6 6.Nf3 Bg7 7.cxd5 O-O 8.Bc4 
Nbd7 9.O-O Nb6 10.Bb3 Nfxd5 11.Re1 Bg4 12.h3 Bxf3 13.Qxf3 e6 14.Be3 Nxc3 
15.bxc3 Qd7 16.Bf4 Rac8 17.Rac1 Nc4 18.Red1 1/2-1/2

[Event "West European subzonal 1B (w)"]
[Site "Oisterwijk NED"]
[Date "1990.03.??"]
[Round "2"]
[White "Drewes, Mariette"]
[Black "Benschop, Anne Marie"]
[Result "1-0"]
[WhiteElo "2120"]
[BlackElo "2150"]
[EventDate "1990.03.??"]
[PlyCount "99"]

1.e4 e5 2.Nf3 Nc6 3.Bb5 a6 4.Ba4 Nf6 5.O-O b5 6.Bb3 Be7 7.Re1 d6 8.c3 Na5 
9.Bc2 c5 10.d4 Qc7 11.d5 O-O 12.Nbd2 Nb7 13.a4 Bd7 14.c4 g6 15.Qe2 Nh5 16.
g3 Qb6 17.axb5 axb5 18.Rxa8 Rxa8 19.cxb5 Bxb5 20.Bd3 Bxd3 21.Qxd3 Na5 22.
Nc4 Qa6 23.Nfd2 Rb8 24.Nxe5 Qxd3 25.Nxd3 c4 26.Nf4 Nf6 27.Ng2 Nd7 28.Ne3 
Ne5 29.f4 Nd3 30.Rd1 Nxb2 31.Bxb2 Rxb2 32.Ndxc4 Nxc4 33.Nxc4 Rc2 34.Rd4 
Ra2 35.Rd2 Ra4 36.Rc2 Kg7 37.e5 Ra6 38.Kg2 h5 39.Kf3 Bf8 40.Ke4 Be7 41.Rb2
Kf8 42.Rb8+ Kg7 43.Rb6 Rxb6 44.Nxb6 dxe5 45.fxe5 Kf8 46.Nc8 Bc5 47.d6 Ke8 
48.Kd5 Bg1 49.Kc6 Kd8 50.d7 1-0

[Event "West European subzonal 1B (w)"]
[Site "Oisterwijk NED"]
[Date "1990.03.??"]
[Round "2"]
[White "Harmsen, Jessica"]
[Black "Dubois, Martine"]
[Result "1/2-1/2"]
[WhiteElo "2240"]
[BlackElo "2060"]
[EventDate "1990.03.??"]
[PlyCount "30"]

1.f4 e5 2.fxe5 d6 3.exd6 Bxd6 4.Nf3 Nc6 5.d4 Nf6 6.Bg5 Bg4 7.e3 h6 8.Bxf6 
Qxf6 9.Bb5 O-O-O 10.Bxc6 bxc6 11.O-O Rhe8 12.Qd3 Qe6 13.Nc3 Qxe3+ 14.Qxe3 
Rxe3 15.Rae1 Bf4 1/2-1/2

[Event "West European subzonal 1B (w)"]
[Site "Oisterwijk NED"]
[Date "1990.03.??"]
[Round "2"]
[White "Roos, Celine"]
[Black "Lebel-Arias, Julia"]
[Result "1-0"]
[WhiteElo "2150"]
[BlackElo "2060"]
[EventDate "1990.03.??"]
[PlyCount "69"]

1.c4 g6 2.Nc3 Bg7 3.g3 d6 4.Bg2 e5 5.e3 f5 6.Nge2 Nf6 7.d3 c6 8.Rb1 O-O 9.
b4 Be6 10.b5 d5 11.bxc6 bxc6 12.cxd5 cxd5 13.O-O Qd7 14.Ba3 Rd8 15.Qa4 Nc6
16.Rfc1 Rac8 17.Nb5 Ne8 18.Qa6 Bf8 19.Bxf8 Kxf8 20.d4 f4 21.dxe5 f3 22.
Bxf3 Nxe5 23.Bg2 Bf5 24.Rxc8 Rxc8 25.Rd1 Bd3 26.Qa3+ Kg7 27.Rxd3 Qxb5 28.
Qe7+ Nf7 29.Nf4 Rc1+ 30.Bf1 Nc7 31.Kg2 d4 32.exd4 Qb1 33.Rf3 Qxa2 34.d5 
Qb1 35.Ne6+ 1-0

[Event "West European subzonal 1B (w)"]
[Site "Oisterwijk NED"]
[Date "1990.03.??"]
[Round "3"]
[White "Benschop, Anne Marie"]
[Black "Harmsen, Jessica"]
[Result "1-0"]
[WhiteElo "2150"]
[BlackElo "2240"]
[EventDate "1990.03.??"]
[PlyCount "81"]

1.e4 c5 2.Nc3 g6 3.g3 Bg7 4.Bg2 Nc6 5.f4 d6 6.Nf3 Bg4 7.d3 e6 8.h3 Bxf3 9.
Qxf3 Nge7 10.O-O Nd4 11.Qf2 Nec6 12.Nd1 Qa5 13.Ne3 O-O-O 14.Bd2 Qa6 15.c3 
Nb5 16.Rfd1 Kb8 17.a4 Nc7 18.Bf1 d5 19.Ra3 d4 20.Nc4 b6 21.Be1 Qc8 22.Kh2 
Ne8 23.e5 Qd7 24.b4 Bf8 25.b5 Ne7 26.a5 Qxb5 27.axb6 axb6 28.Qa2 Nc8 29.
Rb1 Qc6 30.Bg2 Rd5 31.Rab3 Kc7 32.Qa6 b5 33.Qxc6+ Kxc6 34.Rxb5 Nc7 35.Rb8 
Kd7 36.Bxd5 exd5 37.Nb6+ Nxb6 38.R1xb6 dxc3 39.Bxc3 Bg7 40.Rd6+ Ke7 41.Rb7
1-0

[Event "West European subzonal 1B (w)"]
[Site "Oisterwijk NED"]
[Date "1990.03.??"]
[Round "3"]
[White "De Greef, Heleen"]
[Black "Finegold, Gina"]
[Result "1/2-1/2"]
[WhiteElo "2150"]
[BlackElo "2095"]
[EventDate "1990.03.??"]
[PlyCount "63"]

1.e4 e5 2.Nf3 Nc6 3.d4 exd4 4.Nxd4 Bc5 5.Be3 Qf6 6.c3 Nge7 7.g3 d5 8.Bg2 
dxe4 9.Nb5 Bd6 10.Nd2 Qe5 11.Nxd6+ Qxd6 12.Nxe4 Qxd1+ 13.Rxd1 Bg4 14.f3 
Bf5 15.Bf4 Rc8 16.O-O Ng6 17.Bc1 O-O 18.f4 Nge7 19.h3 h5 20.b3 b6 21.Ba3 
Rfd8 22.Rfe1 Rxd1 23.Rxd1 f6 24.Kf2 Kf7 25.Rd2 Rd8 26.Rxd8 Nxd8 27.c4 Ke6 
28.Ke3 c5 29.b4 cxb4 30.Bxb4 Ndc6 31.Bc3 Kd7 32.Nd2 1/2-1/2

[Event "West European subzonal 1B (w)"]
[Site "Oisterwijk NED"]
[Date "1990.03.??"]
[Round "3"]
[White "Lebel-Arias, Julia"]
[Black "Dubois, Martine"]
[Result "0-1"]
[WhiteElo "2060"]
[BlackElo "2060"]
[EventDate "1990.03.??"]
[PlyCount "62"]

1.d4 d5 2.Nf3 Bf5 3.Bf4 e6 4.e3 Bd6 5.Bg3 Nf6 6.Nbd2 Nbd7 7.Ne5 Ne4 8.Nxe4
Bxe4 9.f3 Bg6 10.c3 Nxe5 11.dxe5 Bc5 12.Qd2 a5 13.Rd1 c6 14.Be2 h5 15.O-O 
h4 16.Bf2 Qe7 17.Bd3 Bxd3 18.Qxd3 Rh6 19.e4 Bxf2+ 20.Rxf2 O-O-O 21.Qe3 
Rhh8 22.exd5 exd5 23.Re2 Kc7 24.Qf4 g5 25.Qg4 Rde8 26.Rde1 Rh6 27.f4 gxf4 
28.Qxf4 Re6 29.Rf2 Rxe5 30.Rxe5 Qxe5 31.Qxh4 Qe1+ 0-1

[Event "West European subzonal 1B (w)"]
[Site "Oisterwijk NED"]
[Date "1990.03.??"]
[Round "3"]
[White "Van Parreren, Hanneke"]
[Black "Drewes, Mariette"]
[Result "1-0"]
[WhiteElo "2155"]
[BlackElo "2120"]
[EventDate "1990.03.??"]
[PlyCount "87"]

1.d4 d5 2.Nf3 Nf6 3.c4 c6 4.Nc3 dxc4 5.a4 Bf5 6.Ne5 Nbd7 7.Nxc4 Nb6 8.Ne5 
a5 9.f3 Nfd7 10.Nxd7 Qxd7 11.e4 Bg6 12.Be3 e6 13.Be2 Bb4 14.O-O Nc8 15.Na2
Bd6 16.b4 axb4 17.Qb3 f6 18.Nxb4 Bf7 19.a5 Ne7 20.Bc4 O-O 21.Nd3 Ng6 22.f4
f5 23.e5 Be7 24.Rfb1 Rab8 25.Ra2 Rfc8 26.Qc3 Qc7 27.Rab2 Nf8 28.Nc5 Bxc5 
29.dxc5 Ng6 30.Qb3 Qxa5 31.Bxe6 Rf8 32.Qc4 Qc7 33.Rd1 Bxe6 34.Qxe6+ Rf7 
35.Rbd2 Nf8 36.Qc4 Kh8 37.Bf2 Re7 38.Bh4 Ree8 39.Rd6 h6 40.Qd4 Kh7 41.Qc4 
Qc8 42.Qf7 Ne6 43.Rd7 Ra8 44.Bf6 1-0

[Event "West European subzonal 1B (w)"]
[Site "Oisterwijk NED"]
[Date "1990.03.??"]
[Round "4"]
[White "Benschop, Anne Marie"]
[Black "Lebel-Arias, Julia"]
[Result "1-0"]
[WhiteElo "2150"]
[BlackElo "2060"]
[EventDate "1990.03.??"]
[PlyCount "99"]

1.e4 Nf6 2.d3 Nc6 3.g3 d5 4.Nd2 dxe4 5.dxe4 Bg4 6.Be2 Bxe2 7.Qxe2 Nd4 8.
Qd3 e5 9.c3 Nc6 10.Qb5 Qd7 11.Ngf3 O-O-O 12.O-O Bd6 13.Re1 Qg4 14.Qe2 h5 
15.h4 Nh7 16.Nh2 Qg6 17.b4 f6 18.Ndf3 Qf7 19.Be3 Kb8 20.a4 g5 21.a5 Rdg8 
22.b5 Nd8 23.Reb1 f5 24.exf5 gxh4 25.Nxh4 Ng5 26.Kg2 Qd5+ 27.N2f3 Nxf3 28.
Qxf3 e4 29.Qd1 Qxd1 30.Rxd1 Nf7 31.Re1 Rg4 32.Bd4 Rhg8 33.Kh1 Ng5 34.Re2 
Nf3 35.Ng6 h4 36.Kg2 hxg3 37.Kh3 g2 38.Kxg4 g1=Q+ 39.Rxg1 Nxg1 40.Rxe4 a6 
41.bxa6 bxa6 42.f4 Kb7 43.Bxg1 Kc6 44.Bd4 Kd5 45.Re1 c6 46.Kg5 Rb8 47.Ne7+
Kc4 48.f6 Rb5+ 49.Kg6 Bxf4 50.f7 1-0

[Event "West European subzonal 1B (w)"]
[Site "Oisterwijk NED"]
[Date "1990.03.??"]
[Round "4"]
[White "Drewes, Mariette"]
[Black "De Greef, Heleen"]
[Result "0-1"]
[WhiteElo "2120"]
[BlackElo "2150"]
[EventDate "1990.03.??"]
[PlyCount "66"]

1.e4 e6 2.d4 d5 3.e5 c5 4.c3 Nc6 5.Nf3 Qb6 6.a3 c4 7.Be2 f6 8.exf6 Nxf6 9.
O-O Bd6 10.Nbd2 O-O 11.Rb1 Qc7 12.b3 b5 13.a4 a6 14.Ra1 Bd7 15.bxc4 bxc4 
16.Ba3 Bxa3 17.Rxa3 Rab8 18.Qc2 Be8 19.Nh4 g5 20.Nhf3 Bg6 21.Qc1 h6 22.Ra2
Rb7 23.Rb2 Rfb8 24.Rxb7 Rxb7 25.Re1 Qf4 26.g3 Qf5 27.Bd1 Rf7 28.Kg2 Ne4 
29.h3 g4 30.hxg4 Qxg4 31.Bc2 h5 32.Bxe4 Bxe4 33.Nxe4 Qxf3+ 0-1

[Event "West European subzonal 1B (w)"]
[Site "Oisterwijk NED"]
[Date "1990.03.??"]
[Round "4"]
[White "Harmsen, Jessica"]
[Black "Van Parreren, Hanneke"]
[Result "1/2-1/2"]
[WhiteElo "2240"]
[BlackElo "2155"]
[EventDate "1990.03.??"]
[PlyCount "44"]

1.e4 c6 2.d4 d5 3.exd5 cxd5 4.Bd3 Nc6 5.c3 Nf6 6.h3 e5 7.dxe5 Nxe5 8.Qe2 
Qe7 9.Bb5+ Bd7 10.Bg5 O-O-O 11.Bxf6 Qxf6 12.Nd2 Bc5 13.O-O-O Bxb5 14.Qxb5 
Bxf2 15.Ngf3 Nxf3 16.Nxf3 Be3+ 17.Kb1 Qg6+ 18.Qd3 Rhe8 19.Rhe1 Bb6 20.Qxg6
hxg6 21.Rxe8 Rxe8 22.Rxd5 Re2 1/2-1/2

[Event "West European subzonal 1B (w)"]
[Site "Oisterwijk NED"]
[Date "1990.03.??"]
[Round "5"]
[White "De Greef, Heleen"]
[Black "Harmsen, Jessica"]
[Result "1-0"]
[WhiteElo "2150"]
[BlackElo "2240"]
[EventDate "1990.03.??"]
[PlyCount "65"]

1.e4 e6 2.d4 d5 3.Nc3 Bb4 4.Ne2 dxe4 5.a3 Bxc3+ 6.Nxc3 Nc6 7.Bb5 Ne7 8.Bg5
f6 9.Be3 O-O 10.Qd2 f5 11.f3 f4 12.Bxf4 exf3 13.O-O-O fxg2 14.Rhg1 Ng6 15.
Bg5 Qd6 16.Qxg2 Nxd4 17.h4 Qc5 18.h5 Nxb5 19.Nxb5 Qxb5 20.hxg6 h6 21.Bxh6 
gxh6 22.g7 Re8 23.Qg6 e5 24.Qxh6 Bf5 25.Rdf1 e4 26.Qh8+ Kf7 27.Qh5+ Ke6 
28.Rg6+ Bxg6 29.Qxb5 Rg8 30.Qg5 Be8 31.Rf6+ Kd7 32.Qd5+ Ke7 33.Qe6+ 1-0

[Event "West European subzonal 1B (w)"]
[Site "Oisterwijk NED"]
[Date "1990.03.??"]
[Round "5"]
[White "Drewes, Mariette"]
[Black "Roos, Celine"]
[Result "0-1"]
[WhiteElo "2120"]
[BlackElo "2150"]
[EventDate "1990.03.??"]
[PlyCount "106"]

1.e4 c6 2.Nc3 d5 3.Nf3 Bg4 4.h3 Bxf3 5.Qxf3 e6 6.g3 Nf6 7.Bg2 Be7 8.O-O 
O-O 9.Qe2 dxe4 10.Nxe4 Nbd7 11.d3 Re8 12.Bd2 Qc7 13.a4 Nxe4 14.dxe4 e5 15.
Rfd1 Rad8 16.Bf1 Nc5 17.b4 Ne6 18.c3 a5 19.Qe1 axb4 20.Bc4 bxc3 21.Bxc3 
Nd4 22.Bxd4 exd4 23.Rd3 Bc5 24.Kg2 Qe5 25.f3 Rd7 26.Rdd1 Qe7 27.Bd3 Bb4 
28.Qe2 Ra8 29.Qc2 Bc3 30.Ra2 g6 31.Qb3 Ra5 32.Rb1 Kg7 33.Rd1 Qc5 34.Rb1 h5
35.h4 Qa7 36.Bc4 Qa8 37.Kh2 Re7 38.Kg2 Qe8 39.Bd3 Qa8 40.Bc4 Rd7 41.Kf2 b6
42.Qxb6 d3 43.Qb3 Qa7+ 44.Kg2 Qd4 45.Rd1 d2 46.Rc2 Ba1 47.Qb4 Qa7 48.Bb3 
Rb7 49.Qa3 Be5 50.f4 Qe3 51.fxe5 Rxb3 52.Qe7 Qxg3+ 53.Kh1 Qh3+ 0-1

[Event "West European subzonal 1B (w)"]
[Site "Oisterwijk NED"]
[Date "1990.03.??"]
[Round "5"]
[White "Finegold, Gina"]
[Black "Dubois, Martine"]
[Result "1-0"]
[WhiteElo "2095"]
[BlackElo "2060"]
[EventDate "1990.03.??"]
[PlyCount "59"]

1.d4 d5 2.c4 Bf5 3.Qb3 e5 4.cxd5 exd4 5.Nf3 Bc5 6.Nxd4 Bxd4 7.Qa4+ Nc6 8.
dxc6 b6 9.e3 Be5 10.Nd2 Qf6 11.Bc4 Nh6 12.Qb3 Qg6 13.Bd5 O-O 14.Nf3 Bf6 
15.Nd4 Bd3 16.h4 Bxd4 17.exd4 Ng4 18.Rh3 Rae8+ 19.Be3 Nxf2 20.Kxf2 Qf6+ 
21.Kg1 Be2 22.Re1 Bg4 23.Rf1 Qg6 24.Rg3 h5 25.Bg5 Qd6 26.Bxf7+ Kh8 27.Bxe8
Rxe8 28.d5 Re2 29.Re3 Qc5 30.Kh1 1-0

[Event "West European subzonal 1B (w)"]
[Site "Oisterwijk NED"]
[Date "1990.03.??"]
[Round "5"]
[White "Van Parreren, Hanneke"]
[Black "Benschop, Anne Marie"]
[Result "0-1"]
[WhiteElo "2155"]
[BlackElo "2150"]
[EventDate "1990.03.??"]
[PlyCount "48"]

1.d4 d5 2.Nf3 Nf6 3.c4 e6 4.g3 Be7 5.Bg2 O-O 6.O-O b6 7.Nc3 Bb7 8.Ne5 Qc8 
9.cxd5 Nxd5 10.Nxd5 Bxd5 11.Bxd5 exd5 12.Bf4 Qe6 13.Rc1 c5 14.dxc5 bxc5 
15.Rc2 g5 16.Nd3 c4 17.Bxb8 cxd3 18.Qxd3 Raxb8 19.Rfc1 Rfc8 20.Rxc8+ Rxc8 
21.Rxc8+ Qxc8 22.Qxd5 Qc1+ 23.Kg2 Qxb2 24.e3 Qb6 0-1

[Event "West European subzonal 1B (w)"]
[Site "Oisterwijk NED"]
[Date "1990.03.??"]
[Round "6"]
[White "Benschop, Anne Marie"]
[Black "Dubois, Martine"]
[Result "0-1"]
[WhiteElo "2150"]
[BlackElo "2060"]
[EventDate "1990.03.??"]
[PlyCount "84"]

1.e4 e5 2.Nf3 Nc6 3.Bb5 a6 4.Ba4 Nf6 5.O-O Be7 6.Re1 b5 7.Bb3 O-O 8.a4 Bb7
9.c3 d6 10.d4 Nb8 11.Nbd2 Nbd7 12.Bc2 c5 13.d5 Ne8 14.Nf1 f5 15.exf5 Nc7 
16.Ne3 Nb6 17.Qd3 Bf6 18.Qe4 Nbxd5 19.Nxd5 Bxd5 20.Qg4 Qe7 21.Be3 Bc6 22.
Qh3 e4 23.Nd2 d5 24.Bf4 Bg5 25.Bxg5 Qxg5 26.Rad1 Rae8 27.g4 Rxf5 28.Qg3 
Rf4 29.h3 Ref8 30.Re2 Ne6 31.f3 Rxf3 32.Nxf3 Rxf3 33.Qb8+ Nf8 34.Rf1 Rxf1+
35.Kxf1 Qc1+ 36.Kg2 d4 37.cxd4 e3+ 38.Kh2 Qh1+ 39.Kg3 Qf3+ 40.Kh4 Qxe2 41.
Bf5 Qf2+ 42.Kg5 Bd5 0-1

[Event "West European subzonal 1B (w)"]
[Site "Oisterwijk NED"]
[Date "1990.03.??"]
[Round "6"]
[White "Finegold, Gina"]
[Black "Drewes, Mariette"]
[Result "1-0"]
[WhiteElo "2095"]
[BlackElo "2120"]
[EventDate "1990.03.??"]
[PlyCount "79"]

1.d4 d5 2.c4 c6 3.Nf3 Nf6 4.Qc2 g6 5.Bf4 Bg7 6.e3 O-O 7.Nc3 Qa5 8.a3 dxc4 
9.Bxc4 Nd5 10.Bxd5 cxd5 11.b4 Qd8 12.Qb3 e6 13.Nb5 Na6 14.Rc1 Bd7 15.Nd6 
Qb6 16.b5 Bf6 17.Ne5 Nb8 18.Nxd7 Nxd7 19.O-O a6 20.a4 axb5 21.Qxb5 Rfd8 
22.Nxb7 Qxb5 23.axb5 Rdc8 24.Nc5 Nb6 25.Ra1 Be7 26.Nd3 h5 27.h3 Kg7 28.Ra6
Rxa6 29.bxa6 Ra8 30.Ra1 Nc4 31.g4 hxg4 32.hxg4 Ba3 33.Nc5 Bxc5 34.dxc5 e5 
35.Bg3 Kf8 36.Bh4 Ke8 37.c6 Nd6 38.Bf6 e4 39.Kg2 Nc8 40.Rh1 1-0

[Event "West European subzonal 1B (w)"]
[Site "Oisterwijk NED"]
[Date "1990.03.??"]
[Round "6"]
[White "Lebel-Arias, Julia"]
[Black "Van Parreren, Hanneke"]
[Result "0-1"]
[WhiteElo "2060"]
[BlackElo "2155"]
[EventDate "1990.03.??"]
[PlyCount "94"]

1.d4 d5 2.f4 Nf6 3.Nf3 g6 4.e3 Bg7 5.Bd3 O-O 6.Nbd2 b6 7.Ne5 Bb7 8.Qf3 c5 
9.c3 Nfd7 10.O-O Nxe5 11.fxe5 f6 12.exf6 Rxf6 13.Qg3 Rxf1+ 14.Kxf1 Nd7 15.
Nf3 Qb8 16.Qh3 Qd6 17.Kg1 e5 18.Ng5 Nf8 19.e4 exd4 20.c4 dxe4 21.Nxe4 Qe6 
22.Qh4 Re8 23.Bd2 Bxe4 24.Re1 Bxd3 25.Rxe6 Nxe6 26.Qg3 Bxc4 27.b3 Ba6 28.
h4 d3 29.Qd6 Nd4 30.Qd5+ Kh8 31.h5 gxh5 32.Qd7 Rf8 33.Qd5 Bc8 34.Qxh5 Bf5 
35.Bh6 Ne2+ 36.Kh2 Be5+ 37.g3 Bxg3+ 38.Kg2 Nf4+ 39.Bxf4 Bxf4 40.Qf3 Bh6 
41.Qd5 Bg6 42.Qd6 Bg7 43.a4 Re8 44.Qf4 Bc3 45.Qg3 Be4+ 46.Kh3 Bf5+ 47.Kh4 
Be1 0-1

[Event "West European subzonal 1B (w)"]
[Site "Oisterwijk NED"]
[Date "1990.03.??"]
[Round "6"]
[White "Roos, Celine"]
[Black "Harmsen, Jessica"]
[Result "1-0"]
[WhiteElo "2150"]
[BlackElo "2240"]
[EventDate "1990.03.??"]
[PlyCount "53"]

1.c4 f5 2.Nc3 Nf6 3.g3 g6 4.Bg2 Bg7 5.e3 e5 6.Nge2 d6 7.Rb1 O-O 8.b4 a6 9.
d3 Nc6 10.a4 Ne7 11.b5 axb5 12.axb5 g5 13.f4 gxf4 14.exf4 Ng6 15.O-O Ng4 
16.Nd5 c6 17.bxc6 bxc6 18.Ne3 exf4 19.Nxg4 fxg4 20.Nxf4 Bd4+ 21.Kh1 Nxf4 
22.Rxf4 Rxf4 23.Bxf4 Ra2 24.Bxc6 Qf6 25.Bd5+ Kg7 26.Qe1 Bf2 27.Qe8 1-0

[Event "West European subzonal 1B (w)"]
[Site "Oisterwijk NED"]
[Date "1990.03.??"]
[Round "7"]
[White "De Greef, Heleen"]
[Black "Lebel-Arias, Julia"]
[Result "0-1"]
[WhiteElo "2150"]
[BlackElo "2060"]
[EventDate "1990.03.??"]
[PlyCount "110"]

1.e4 g6 2.d4 Bg7 3.Nc3 c6 4.Nf3 d6 5.Bc4 e6 6.Bb3 b5 7.a4 b4 8.Ne2 Nf6 9.
e5 Nd5 10.O-O Ba6 11.Re1 O-O 12.Nf4 Nxf4 13.Bxf4 d5 14.Qd2 Qa5 15.Bh6 c5 
16.dxc5 Qxc5 17.Bxg7 Kxg7 18.Nd4 Nd7 19.Re3 h5 20.Rae1 Rab8 21.Rg3 Rfe8 
22.Qf4 Rbc8 23.Rf3 Qe7 24.h4 Nc5 25.Rfe3 Nxb3 26.cxb3 Rc7 27.Rf3 Rec8 28.
g3 Kg8 29.Qd2 Kh7 30.Rf6 Kg7 31.Rd1 Re8 32.Qf4 Qc5 33.g4 hxg4 34.h5 Bd3 
35.h6+ Kh7 36.Rxd3 Qc1+ 37.Qxc1 Rxc1+ 38.Kg2 Re7 39.Nb5 Kxh6 40.Rd4 a5 41.
Rxg4 Re1 42.Rgf4 Rxe5 43.Rxf7 Rxf7 44.Rxf7 Re2 45.Rf3 e5 46.Nd6 e4 47.Rh3+
Kg5 48.Nb7 d4 49.Nxa5 e3 50.Rf3 Rxb2 51.Kf1 Kg4 52.Rf6 e2+ 53.Ke1 d3 54.
Re6 Rb1+ 55.Kd2 Rd1+ 0-1

[Event "West European subzonal 1B (w)"]
[Site "Oisterwijk NED"]
[Date "1990.03.??"]
[Round "7"]
[White "Dubois, Martine"]
[Black "Van Parreren, Hanneke"]
[Result "1/2-1/2"]
[WhiteElo "2060"]
[BlackElo "2155"]
[EventDate "1990.03.??"]
[PlyCount "121"]

1.e4 c6 2.d4 d5 3.e5 Bf5 4.Nc3 e6 5.g4 Bg6 6.Nge2 f6 7.Nf4 fxe5 8.Nxe6 Qe7
9.Nxf8 exd4+ 10.Be2 dxc3 11.Nxg6 hxg6 12.Qd3 Nf6 13.Qxc3 Nbd7 14.Qe3 Qxe3 
15.Bxe3 Ne5 16.Bd4 Nexg4 17.O-O-O Kf7 18.c4 Rae8 19.Bd3 Ne5 20.cxd5 Nxd3+ 
21.Rxd3 Nxd5 22.Rf3+ Nf6 23.Bxa7 Ra8 24.Ra3 Rh5 25.Kb1 Rf5 26.Rd1 g5 27.
Rdd3 Rd5 28.Re3 g4 29.Bc5 Rxa3 30.Bxa3 Kg6 31.Kc2 Kf5 32.Re7 Rd7 33.Rxd7 
Nxd7 34.Bd6 Ke4 35.Kd2 g6 36.Ke2 Nf6 37.a4 Nd5 38.a5 Nf6 39.Bc5 Nh5 40.Bd6
Ng7 41.Bc7 Ne6 42.Bg3 Nd4+ 43.Ke1 Kf3 44.Kf1 Nb3 45.Bc7 Nc5 46.Bb6 Nd3 47.
Bd4 Nb4 48.Bb6 Nd5 49.Bc5 Nf4 50.Bb6 Ke4 51.Bd8 c5 52.Bf6 Kf3 53.Be7 Nd3 
54.b3 Ke4 55.Kg2 Kd5 56.Kg3 Nc1 57.b4 cxb4 58.Bxb4 Nd3 59.Bd2 Ke6 60.Kxg4 
Nxf2+ 61.Kf3 1/2-1/2

[Event "West European subzonal 1B (w)"]
[Site "Oisterwijk NED"]
[Date "1990.03.??"]
[Round "7"]
[White "Harmsen, Jessica"]
[Black "Finegold, Gina"]
[Result "0-1"]
[WhiteElo "2240"]
[BlackElo "2095"]
[EventDate "1990.03.??"]
[PlyCount "46"]

1.f4 Nf6 2.b3 g6 3.Bb2 Bg7 4.e4 O-O 5.e5 Nd5 6.Qf3 Nb4 7.Qc3 N8c6 8.a3 Nd5
9.Qf3 Nb6 10.d4 d5 11.Nd2 f6 12.Qg3 Bf5 13.O-O-O Rc8 14.h4 Na5 15.h5 c5 
16.hxg6 hxg6 17.Ngf3 c4 18.Nh4 cxb3 19.c3 fxe5 20.fxe5 Qe8 21.Bd3 Bxd3 22.
Qxd3 Rc6 23.Qb5 Rxc3+ 0-1

[Event "West European subzonal 1B (w)"]
[Site "Oisterwijk NED"]
[Date "1990.03.??"]
[Round "7"]
[White "Roos, Celine"]
[Black "Benschop, Anne Marie"]
[Result "1-0"]
[WhiteElo "2150"]
[BlackElo "2150"]
[EventDate "1990.03.??"]
[PlyCount "97"]

1.c4 e5 2.Nc3 Nf6 3.Nf3 Nc6 4.g3 g6 5.Bg2 Bg7 6.d4 exd4 7.Nxd4 Ne5 8.b3 d6
9.O-O O-O 10.Bb2 Rb8 11.h3 Bd7 12.Qd2 Re8 13.Rad1 Qc8 14.Kh2 a6 15.Nd5 Be6
16.Nxf6+ Bxf6 17.f4 Nd7 18.e4 Nc5 19.f5 gxf5 20.exf5 Bd7 21.Rf4 Be5 22.
Rg4+ Kh8 23.Nf3 Bxf5 24.Nxe5 dxe5 25.Qg5 Bxg4 26.Bxe5+ Rxe5 27.Qxe5+ Kg8 
28.Qg5+ Kh8 29.Qf6+ Kg8 30.hxg4 Qxg4 31.Rd4 Qg6 32.Rd8+ Rxd8 33.Qxd8+ Kg7 
34.Qd4+ Qf6 35.Qxc5 Qh6+ 36.Kg1 Qc1+ 37.Bf1 c6 38.Qf2 Qb1 39.Kh2 Qc1 40.
Bh3 Qd1 41.Bf5 Qa1 42.Kg2 h6 43.Qd2 b6 44.Be4 c5 45.Qf2 a5 46.Bd5 f6 47.
Qe2 f5 48.Qe7+ Kg6 49.Bf7+ 1-0

[Event "West European subzonal 1B (w)"]
[Site "Oisterwijk NED"]
[Date "1990.03.??"]
[Round "8"]
[White "Benschop, Anne Marie"]
[Black "Finegold, Gina"]
[Result "1-0"]
[WhiteElo "2150"]
[BlackElo "2095"]
[EventDate "1990.03.??"]
[PlyCount "79"]

1.e4 e5 2.Nf3 Nc6 3.Bb5 Nf6 4.d3 Bc5 5.O-O d6 6.c3 O-O 7.Bg5 h6 8.Bh4 Bd7 
9.Nbd2 a6 10.Bxc6 Bxc6 11.d4 exd4 12.cxd4 Bb6 13.Re1 g5 14.d5 Bd7 15.Nxg5 
hxg5 16.Bxg5 Kg7 17.Qf3 Kg6 18.h4 Bd4 19.e5 Bxe5 20.Rxe5 dxe5 21.Ne4 Bg4 
22.Qa3 Qxd5 23.Nxf6 Qe6 24.Qg3 Rg8 25.Nxg4 f6 26.Nxf6 Rg7 27.Qf3 Rh8 28.
Ng4 Rf7 29.Qe4+ Qf5 30.Nxe5+ Kg7 31.Qd4 Kh7 32.Nxf7 Qxf7 33.Re1 Re8 34.
Rxe8 Qxe8 35.Qf6 c5 36.Qe7+ Qxe7 37.Bxe7 c4 38.g4 b5 39.f4 a5 40.Kf2 1-0

[Event "West European subzonal 1B (w)"]
[Site "Oisterwijk NED"]
[Date "1990.03.??"]
[Round "8"]
[White "De Greef, Heleen"]
[Black "Dubois, Martine"]
[Result "0-1"]
[WhiteElo "2150"]
[BlackElo "2060"]
[EventDate "1990.03.??"]
[PlyCount "108"]

1.e4 e5 2.Nf3 Nc6 3.d4 exd4 4.Nxd4 Bc5 5.Be3 Qf6 6.c3 Nge7 7.g3 d5 8.Bg2 
Bxd4 9.cxd4 dxe4 10.Nc3 Bf5 11.O-O O-O-O 12.Qa4 Nd5 13.Nxe4 Bxe4 14.Bxe4 
Nb6 15.Qa3 Kb8 16.Rad1 Nxd4 17.Bxd4 Rxd4 18.Rxd4 Qxd4 19.Qf3 Nc4 20.Rd1 
Nd2 21.Qd3 Qxe4 22.Qxd2 Qe7 23.Re1 Qd8 24.Qe3 a6 25.Qe7 Qxe7 26.Rxe7 Rf8 
27.Kg2 Kc8 28.Kf3 Kd8 29.Re2 g5 30.Kg4 h6 31.Kf5 Re8 32.Rc2 Re6 33.Rd2+ 
Ke7 34.h3 c5 35.Rc2 Kd6 36.Rd2+ Kc6 37.f4 gxf4 38.Kxf4 b5 39.a3 c4 40.Rc2 
Kd5 41.Rd2+ Kc5 42.Kf3 Rd6 43.Rc2 a5 44.Ke4 Re6+ 45.Kf4 b4 46.axb4+ axb4 
47.g4 c3 48.h4 Kc4 49.bxc3 b3 50.Rh2 Kxc3 51.h5 b2 52.Rh3+ Kc2 53.Rh2+ Kb3
54.Rh1 Rc6 0-1